| 000 -LEADER |
| fixed length control field |
00984nam a22002537a 4500 |
| 008 - FIXED-LENGTH DATA ELEMENTS--GENERAL INFORMATION |
| fixed length control field |
131114b xxu||||| |||| 00| 0 alb d |
| 020 ## - INTERNATIONAL STANDARD BOOK NUMBER |
| International Standard Book Number |
3893314431 |
| 041 1# - LANGUAGE CODE |
| Language code of text/sound track or separate title |
alb |
| 080 ## - UNIVERSAL DECIMAL CLASSIFICATION NUMBER |
| Universal Decimal Classification number |
339.922 |
| Common auxiliary subdivision |
(4)(035) |
| 100 1# - Rafti |
| Rafti |
Wajdenfeld, Werner |
| 245 1# - TITLE STATEMENT |
| Title |
Evropa prej A deri në ZH : |
| Statement of responsibility, etc |
Werner Wajdenfeld, Wolfgang Wessels, [përktheu Bukurije Zeka]. |
| 260 ## - |
| -- |
Prishtinë : |
| -- |
Fondacioni Konrad-Adenauer ; |
| -- |
2004. |
| 300 ## - |
| -- |
531 f. ; |
| -- |
21 cm. |
| 500 ## - |
| -- |
Titulli i orgjinalit : Europa von A biz Z : Taschenbuch der Europaischen Integration. |
| 500 ## - |
| -- |
Regjistri i Autorëve : f. 518-521. |
| 500 ## - |
| -- |
Regjistri i shkurtesa : f. 522-525. |
| 500 ## - |
| -- |
Indeksi : f. 526-529 |
| 650 #0 - |
| -- |
Evropa |
| -- |
Manualët |
| -- |
Integrimi ekonomik |
| 650 #0 - |
| -- |
Tregtia ekonomike ndërkombëtare |
| -- |
Bashkmi Evropian |
| 650 #0 - |
| -- |
Bashkmi Evropian |
| -- |
Manualet, doracakët |
| 700 1# - |
| -- |
Weidenfeld, Werner |
| 700 1# - |
| -- |
Wessels, Wolfgang |
| 942 ## - ADDED ENTRY ELEMENTS (KOHA) |
| Source of classification or shelving scheme |
|
| Item type |
Books |